اردو غزل کا تاریخی ارتقا / (Record no. 171933)

MARC details
000 -LEADER
fixed length control field 00633nam a22001937a 4500
005 - DATE AND TIME OF LATEST TRANSACTION
control field 20200123130836.0
010 ## - LCCN (DPL NO)
LC control number B-209317
020 ## - INTERNATIONAL STANDARD BOOK NUMBER
Terms of availability 300.00
035 ## - SYSTEM CONTROL NUMBER
System control number B-209317
037 ## - SOURCE OF ACQUISITION
Source of stock number/acquisition BPPD/Pub.
082 ## - DEWEY DECIMAL CLASSIFICATION NUMBER
Classification number 841.08
100 ## - MAIN ENTRY--PERSONAL NAME
Personal name غلام آسی رشیدی
245 ## - TITLE STATEMENT
Title اردو غزل کا تاریخی ارتقا /
Statement of responsibility, etc غلام آسی رشیدی
246 ## - VARYING FORM OF TITLE
Title proper/short title Urdu Ghazal ka Tarikhi Irtaqa (Urdu) /
Remainder of title by Ghulam Aasi Rasheedi
260 ## - PUBLICATION, DISTRIBUTION, ETC. (IMPRINT)
Place of publication, distribution, etc Delhi
Name of publisher, distributor, etc Modern Publishing House
Date of publication, distribution, etc 2006 ء
270 ## - ADDRESS
Address 9 Gola Market, Daryaganj
City New Delhi
Postal code 110002
300 ## - PHYSICAL DESCRIPTION
Extent 368p.
Dimensions 22cm(Hb)
942 ## - ADDED ENTRY ELEMENTS (KOHA)
Source of classification or shelving scheme Dewey Decimal Classification
Item type Urdu Bks
Classification part 841.08
Call number suffix غ ل ا
Holdings
Withdrawn status Lost status Not for loan Collection code Home library Current library Date acquired Source of acquisition Cost, normal purchase price Full call number Barcode Copy number Cost, replacement price Koha item type
      Non-fiction Central Library Central Library 23/01/2020 BPPD/Ven. 300.00 841.08 غ ل ا B-209317 1 300.00 Urdu Bks

© Delhi Public Library
Hit Counter
free hit counter